000 00728 a2200241 4500
502 _aThèse d'exercice
653 1 _aSciences agronomiques
100 _aDaga, Lazare
245 _aEtude comparative de deux méthodes de synchronisation et détection des chaleurs chez les vaches et genisses "lagunaire" et borgou en République Populaire du Bénin
300 _aXXIV-149 p.
650 _aVACHE
650 _aMETHODE
650 _aSYNCHRONISATION
650 _aGENISSE
650 _aCHALEUR
130 _lFr
710 _aAbomey-Calavi, Université nationale du Bénin, Faculté des Sciences Agronomiques, BJ
041 _bFr
041 _bEn
653 1 _aProduction animale
651 _aBENIN
999 _c31113
_d31113